00772nam a2200217 a 450000100100000000500170001000800410002704000250006808200260009310000350011924500670015425000120022126000360023330000210026959000260029065000290031665000310034591000370037695201240041399900170053700004190420240412074301.0131021s1998 dr r 000 j spa d aDO-SdBNPbspacBNPHU aRD863.44bG633m, 19981 aGómez, Miguel Ángel92356014aLas manos de la muerte son de seda. /cMiguel Ángel Gómez. a2a. ed. aSanto Domingo :bCocolo,c1998. a106 p. ;c21 cm. aInventariado, 2020/BT 0aCuentos dominicanos9176 0aLiteratura dominicana.967 aValidado. Control de calidad MFF 0010718PDaPDbPDcHDd2013-10-21iLF1l0oRD863.44 G633m, 1998p41904-10r2020-06-25w2020-06-25yLFPDZNo se presta c41393d41393